Экспертная оценка перспектив нефтегазоносности Чулымской впадины

Dades bibliogràfiques
Autor principal: Ростовцев В. Н. Валерий Николаевич
Altres autors: Тищенко Г. И. Галина Ивановна (редактор), Ростовцев В. В. Виталий Валерьевич, Емешев В. Г., Комаров А. В.
Sumari:В книге обосновывается перспективность нефтегазоносности Чулымской впадины. Выделены территории для поиска залежей нефти и газа. Сделан вывод о необходимости возобновления широкомасштабных геологоразведочных работ в пределах Чулымской впадины. ля геологов, руководителей государственных органов, недропользователей, заинтересованных в наращивании минерально-сырьевой базы.
Idioma:rus
Publicat: Томск, Изд-во Томского ун-та, 2005
Matèries:
Format: Llibre
KOHA link:https://koha.lib.tpu.ru/cgi-bin/koha/opac-detail.pl?biblionumber=367783

MARC

LEADER 00000nam0a2200000 4500
001 367783
005 20231102012022.0
010 |a 5751119274 
035 |a (RuTPU)RU\TPU\retro\25146 
090 |a 367783 
100 |a 20220322d2005 k y0rusy50 ca 
101 0 |a rus 
102 |a RU 
105 |a a z 000zy 
200 1 |a Экспертная оценка перспектив нефтегазоносности Чулымской впадины  |f В. Н. Ростовцев, Г. И. Тищенко, В. В. Ростовцев  |g под ред. В. Г. Емешева, А. В. Комарова 
210 |a Томск  |c Изд-во Томского ун-та  |d 2005 
215 |a 25 с.  |c ил. 
317 |5 63413507: КР-7489  |a Поступил в НТБ в 2021 г. в дар от семьи профессора ТПУ Л. П. Рихванова 
330 |a В книге обосновывается перспективность нефтегазоносности Чулымской впадины. Выделены территории для поиска залежей нефти и газа. Сделан вывод о необходимости возобновления широкомасштабных геологоразведочных работ в пределах Чулымской впадины. ля геологов, руководителей государственных органов, недропользователей, заинтересованных в наращивании минерально-сырьевой базы. 
606 1 |a Нефтегазоносность  |x Прогноз  |2 stltpush  |3 (RuTPU)RU\TPU\subj\45617  |9 64810 
610 1 |a Библиотека Л. П. Рихванова 
610 1 |a залежи нефти 
610 1 |a геологоразведочные работы 
610 1 |a недропользование 
610 1 |a минерально-сырьевые базы 
610 1 |a нефтедобыча 
610 1 |a газовые месторождения 
610 1 |a Чулымская впадина 
610 1 |a дары библиотеке 
675 |a 553.98.044  |v 4 
700 1 |a Ростовцев  |b В. Н.  |g Валерий Николаевич 
701 1 |a Тищенко  |b Г. И.  |g Галина Ивановна 
701 1 |a Ростовцев  |b В. В.  |g Виталий Валерьевич 
702 1 |a Емешев  |b В. Г.  |4 340 
702 1 |a Комаров  |b А. В.  |4 340 
801 1 |a RU  |b 63413507  |c 20220322 
801 2 |a RU  |b 63413507  |c 20220602  |g RCR 
942 |c BK